书目信息 |
| 题名: |
山东省普通国省道指路标志调整工作实施技术细则
|
|
| 作者: | 周玉波 起草 ;山东省交通运输厅 , 山东省交通规划设计院 主编 | |
| 分册: | ||
| 出版信息: | 北京 人民交通出版社股份有限公司 2019.02 |
|
| 页数: | 70页 | |
| 开本: | 30cm | |
| 丛书名: | ||
| 单 册: | ||
| 中图分类: | U491.5-81 | |
| 科图分类: | ||
| 主题词: | 国道--guo dao--公路标志--调整--细则--山东 , 地方道路--di fang dao lu--公路标志--调整--细则--山东 | |
| 电子资源: | ||
| ISBN: | 978-7-114-15320-4 | |
| 000 | 01595nam0 2200301 450 | |
| 001 | 0100011041 | |
| 005 | 20190905093952.0 | |
| 010 | @a978-7-114-15320-4@dCNY80.00 | |
| 100 | @a20190904d2019 em y0chiy50 ea | |
| 101 | 0 | @achi |
| 102 | @aCN@b110000 | |
| 105 | @aak a 000yy | |
| 106 | @ar | |
| 200 | 1 | @a山东省普通国省道指路标志调整工作实施技术细则@Ashan dong sheng pu tong guo sheng dao zhi lu biao zhi diao zheng gong zuo shi shi ji shu xi ze@d= Technical instructions on the implementation of the national and provincial road guide signs adjustment in Shandong Province@e试行@f主编单位山东省交通运输厅公路局, 山东省交通规划设计院@zeng |
| 210 | @a北京@c人民交通出版社股份有限公司@d2019.02 | |
| 215 | @a70页@c图@d30cm | |
| 314 | @a起草人: 周玉波 ... [等] | |
| 320 | @a有书目 (第70页) | |
| 330 | @a为统一和规范山东省普通国省道路网的路线命名和编号, 形成标识清晰、视认方便的普通国省道命名和编号体系等, 制定《山东省普通国省道指路标志调整工作实施技术细则 (试行) 》 (以下简称《细则》) 。 | |
| 510 | 1 | @aTechnical instructions on the implementation of the national and provincial road guide signs adjustment in Shandong Province@zeng |
| 606 | 0 | @a国道@Aguo dao@x公路标志@x调整@x细则@y山东 |
| 606 | 0 | @a地方道路@Adi fang dao lu@x公路标志@x调整@x细则@y山东 |
| 690 | @aU491.5-81@v5 | |
| 701 | 0 | @a周玉波@Azhou yu bo@4起草 |
| 712 | 02 | @a山东省交通运输厅@Ashan dong sheng jiao tong yun shu ting@b公路局@Bgong lu ju@4主编 |
| 712 | 02 | @a山东省交通规划设计院@Ashan dong sheng jiao tong gui hua she ji yuan@4主编 |
| 801 | 0 | @aCN@c20190905 |
| 905 | @a河南城建学院图书馆@dU491.5-81@eZ810 | |
| 山东省普通国省道指路标志调整工作实施技术细则= Technical instructions on the implementation of the national and provincial road guide signs adjustment in Shandong Province:试行/主编单位山东省交通运输厅公路局, 山东省交通规划设计院.-北京:人民交通出版社股份有限公司,2019.02 |
| 70页:图;30cm |
| ISBN 978-7-114-15320-4:CNY80.00 |
| 为统一和规范山东省普通国省道路网的路线命名和编号, 形成标识清晰、视认方便的普通国省道命名和编号体系等, 制定《山东省普通国省道指路标志调整工作实施技术细则 (试行) 》 (以下简称《细则》) 。 |
| ● |
| 相关链接 |
|
|
|
正题名:山东省普通国省道指路标志调整工作实施技术
索取号:U491.5-81/Z810
 
预约/预借
| 序号 | 登录号 | 条形码 | 馆藏地/架位号 | 状态 | 备注 |
| 1 | 1439381 | 214393814 | 自科库501/501自科库 58排5列3层/ [索取号:U491.5-81/Z810] | 在馆 | |
| 2 | 1439382 | 214393823 | 自科库501/501自科库 58排5列3层/ [索取号:U491.5-81/Z810] | 在馆 |